00255nam a2200097 a 450000500170000000800410001705000220005824500320008026000280011265000170014020140414131849.0100728s19uu xx 00 eng d aM 595.7bK28 2008 aWhy do ants cut up leaves?. bMiles Kelly Pub,c2007. aAnts-habitat